| 000 | 00685nam a2200241 i 4500 | ||
|---|---|---|---|
| 001 | 60034 | ||
| 003 | ES-MaACL | ||
| 005 | 20250827062606.0 | ||
| 007 | t| | ||
| 008 | 031103s1986 sp ||||1| spa d | ||
| 020 | _a84-277-0737-1 | ||
| 110 | 1 |
_aEspaña _93622 |
|
| 240 | 1 | 0 | _aLeyes, etc. |
| 245 | 1 | 0 |
_aLeyes constitucionales y administrativas de España / _cAlfredo Gallego Anabitarte. |
| 250 | _a2ª ed. | ||
| 260 |
_aMadrid : _b[s.n., _c1986] ( _fGráficas Peñalara) |
||
| 300 |
_a2 v. ; _c21 cm. |
||
| 500 | _aIndices. | ||
| 700 | 1 |
_aGallego Anabitarte, Alfredo. _953549 |
|
| 740 | 0 | _aLeyes, etc. | |
| 852 |
_aES-MaACL _jL-11779-80 _bR.114053 |
||
| 999 |
_c60034 _d60034 |
||